Բուդենբրոոկներ : (Record no. 83294)
[ view plain ]
| 000 -LEADER | |
|---|---|
| fixed length control field | 00906nam a2200229 a 4500 |
| 001 - CONTROL NUMBER | |
| control field | 000235684 |
| 003 - CONTROL NUMBER IDENTIFIER | |
| control field | AM-YeHGA |
| 005 - DATE AND TIME OF LATEST TRANSACTION | |
| control field | 20250618071605.0 |
| 008 - FIXED-LENGTH DATA ELEMENTS--GENERAL INFORMATION | |
| fixed length control field | 030617s1986 ai |||||r|||||||||1|arm|d |
| 040 ## - CATALOGING SOURCE | |
| Original cataloging agency | AM-YeHGA |
| 041 1# - LANGUAGE CODE | |
| Language code of text/sound track or separate title | arm |
| Language code of original | ger |
| 090 ## - LOCALLY ASSIGNED LC-TYPE CALL NUMBER (OCLC); LOCAL CALL NUMBER (RLIN) | |
| -- | 84569 |
| 100 1# - MAIN ENTRY--PERSONAL NAME | |
| Personal name | Ման, Թոմաս, |
| Dates associated with a name | 1875-1955 |
| 9 (RLIN) | 6865 |
| 245 10 - TITLE STATEMENT | |
| Title | Բուդենբրոոկներ : |
| Remainder of title | Մի ընտանիքի անկումը : Վեպ / |
| Statement of responsibility, etc. | Թ. Ման ; Թարգմ. գերմ. և վերջաբ.՝ Հ. Մովսես ; Խմբ.՝ Գ.Գ. Հովսեփյան. |
| 260 ## - PUBLICATION, DISTRIBUTION, ETC. | |
| Place of publication, distribution, etc. | Երևան : |
| Name of publisher, distributor, etc. | Սովետական գրող, |
| Date of publication, distribution, etc. | 1986. |
| 300 ## - PHYSICAL DESCRIPTION | |
| Extent | 700 էջ ; |
| Dimensions | 21 սմ. |
| 500 ## - GENERAL NOTE | |
| General note | Տողատ. ծանոթագր. |
| 650 14 - SUBJECT ADDED ENTRY--TOPICAL TERM | |
| Topical term or geographic name entry element | Գերմանական գրականություն |
| General subdivision | Վեպ |
| 700 0# - ADDED ENTRY--PERSONAL NAME | |
| Personal name | Հակոբ Մովսես, |
| Dates associated with a name | 1952- |
| Relator term | թարգմ. |
| Relationship | trl |
| Relator term | վերջաբ. |
| Relationship | aft |
| 9 (RLIN) | 1354 |
| 700 1# - ADDED ENTRY--PERSONAL NAME | |
| Personal name | Հովսեփյան, Գ.Գ. |
| Relator term | խմբ. |
| Relationship | edt |
| 942 ## - ADDED ENTRY ELEMENTS (KOHA) | |
| Source of classification or shelving scheme | Universal Decimal Classification |
| Koha item type | Գրքեր / Books |
| Withdrawn status | Lost status | Source of classification or shelving scheme | Damaged status | Not for loan | Collection | Home library | Current library | Date acquired | Total checkouts | Full call number | Barcode | Date last seen | Price effective from | Koha item type | Public note | Copy number |
|---|---|---|---|---|---|---|---|---|---|---|---|---|---|---|---|---|
| Universal Decimal Classification | General | Fundamental Scientific Library | Fundamental Scientific Library | 22/12/2016 | AII/73929 | 220073929 | 22/12/2016 | 22/12/2016 | Գրքեր / Books | 30 Days Loan | ||||||
| General | Fundamental Scientific Library | Fundamental Scientific Library | 22/12/2016 | AII/73984 | FL0199501 | 22/12/2016 | 22/12/2016 | Գրքեր / Books | 30 Days Loan | 830 | ||||||
| General | Fundamental Scientific Library | Fundamental Scientific Library | 22/12/2016 | AII/74179 | FL0191608 | 22/12/2016 | 22/12/2016 | Գրքեր / Books | 30 Days Loan | 830 |
ՀՀ Գիտությունների ազգային ակադեմիայի հիմնարար գիտական գրադարան = Fundamental Scientific Library of NAS RA
All site content, except where otherwise noted, is licensed under a